000 00407nam a2200157Ia 4500
008 240729s9999 xx 000 0 und d
022 _a2772-6533
245 0 _aDialogues in Health
260 _aUnited States
260 _bElsevier
650 _a Public aspects of medicine
650 _aMedicine
856 _uhttps://doaj.org/toc/b5ad56498f5b4956a6aa3aa7858fe2e1
942 _2ddc
942 _cDOAJEJ
999 _c66520
_d66520
945 _a1
_bMadushi Gamage
_c1
_dMadushi Gamage